书目信息 |
| 题名: |
柿病虫草害诊治生态图谱
|
|
| 作者: | 冯玉增 , 袁新征 , 胡善河 主编 | |
| 分册: | ||
| 出版信息: | 北京 中国林业出版社 2019.09 |
|
| 页数: | 128, 150页 | |
| 开本: | 21cm | |
| 丛书名: | ||
| 单 册: | ||
| 中图分类: | S436.65-64 | |
| 科图分类: | ||
| 主题词: | 柿--shi--病虫害防治--图谱 | |
| 电子资源: | ||
| ISBN: | 978-7-5219-0220-4 | |
| 000 | 00972nam0 2200253 450 | |
| 001 | 0106081807 | |
| 005 | 20201106082044.0 | |
| 010 | @a978-7-5219-0220-4@dCNY49.00 | |
| 100 | @a20191113d2019 em y0chiy50 ea | |
| 101 | 0 | @achi |
| 102 | @aCN@b110000 | |
| 105 | @aa z 000yy | |
| 106 | @ar | |
| 200 | 1 | @a柿病虫草害诊治生态图谱@Ashi bing chong cao hai zhen zhi sheng tai tu pu@dAtlas of diagnosis and treatment for disease pest and weed disease of persimmon@f冯玉增, 袁新征, 胡善河主编@zeng |
| 210 | @a北京@c中国林业出版社@d2019.09 | |
| 215 | @a128, 150页@d21cm | |
| 330 | @a本书分为5章,主要内容包括:柿病害诊断与防治、柿病虫诊断与防治、果园主要杂草识别与防治、果园害虫主要天敌保护与识别利用等。 | |
| 606 | 0 | @a柿@Ashi@x病虫害防治@j图谱 |
| 690 | @aS436.65-64@v5 | |
| 701 | 0 | @a冯玉增@Afeng yu zeng@4主编 |
| 701 | 0 | @a袁新征@Ayuan xin zheng@4主编 |
| 701 | 0 | @a胡善河@Ahu shan he@4主编 |
| 801 | 0 | @aCN@bBJSZM@c20201106 |
| 905 | @b1191620-3@dS436.65-64@e179@f4 | |
| 柿病虫草害诊治生态图谱=Atlas of diagnosis and treatment for disease pest and weed disease of persimmon/冯玉增, 袁新征, 胡善河主编.-北京:中国林业出版社,2019.09 |
| 128, 150页;21cm |
| ISBN 978-7-5219-0220-4:CNY49.00 |
| 本书分为5章,主要内容包括:柿病害诊断与防治、柿病虫诊断与防治、果园主要杂草识别与防治、果园害虫主要天敌保护与识别利用等。 |
| ● |
| 相关链接 |
|
|
|
|
正题名:柿病虫草害诊治生态图谱
索取号:S436.65-64/179
 
预约/预借
| 序号 | 登录号 | 条形码 | 馆藏地/架位号 | 状态 | 备注 |
| 1 | 1191620 | 211916202 | 第二样本阅览室/ [索取号:S436.65-64/179] | 在馆 | |
| 2 | 1191621 | 211916211 | 第三借阅区/ [索取号:S436.65-64/179] | 在馆 | |
| 3 | 1191622 | 211916220 | 第三借阅区/ [索取号:S436.65-64/179] | 在馆 | |
| 4 | 1191623 | 211916239 | 第三借阅区/ [索取号:S436.65-64/179] | 在馆 |